Aby dar ostal darom stanovisko k problematike transplantácií

Bibliographic Details
Main Author: Tondra, František, 1936-2012 (Author)
Format: Article
Language:Slovak
ISSN:0139-8512
Subjects:

MARC

LEADER 00000nab a2200000 a 4500
001 vtls000661308
003 SK-MaSNL
005 20260304212017.0
008 180206c1998 xo 0 slo
015 |a SNBRB1998/06-16613 
035 |a CLN000013498 
040 |a SNKBUCL  |b slo  |c SNKBUCL  |e AACR2 
041 0 |a slo 
044 |a xo  |c SK 
080 |a 262.12:061.2(437.6)  |2 UDC-MRF-SK2 
080 |a 282:061.2(437.6)  |2 UDC-MRF-SK2 
100 1 |a Tondra, František,  |d 1936-2012  |4 aut  |9 107714 
245 1 0 |a Aby dar ostal darom  |b stanovisko k problematike transplantácií  |c F. Tondra 
610 2 7 |a Katolícka cirkev.  |b Konferencia biskupov Slovenska.  |b Komisia pre bioetiku  |2 snkbucl  |9 1112889 
650 0 7 |a transplantácia  |2 snkbucl  |9 2609 
655 7 |a články z novín a časopisov  |2 snkbucl  |9 267496 
773 0 |x 0139-8512  |t Katolícke noviny  |g Roč. 113, č. 23 (1998), s. 3 
850 |a Slovenská národná knižnica v Martine 
852 |a SNK  |b KIS3GCP 
958 |a RBX 
999 |c 3129613  |d 3131543